校歌歌い出しから2025夏甲子園出場校 - Statistics

General Stats
  • This quiz has been taken 67 times
  • The average score is 21 of 49
Answer Stats
Hint Answer % Correct
緑の丘に 光はあふれ 自由の風が吹きわたる あゝ 清新の津田学園 津田学園
94%
可美しき郷 我が金足 金足農業
92%
見よ空高く輝くひかり 天理のみおやの導くところ 天理
90%
青い潮路に 日は立ち昇り 慕う明秀 白梅の園 明秀日立
89%
陽光の中に まぶしい笑顔 今済美にいるから出会えたね 済美
89%
那覇を見渡す 祝嶺森に 聳ゆる甍は 吾等が母校 沖縄尚学
86%
天地を包む 雪の色 その寂寞の冬去りて 緑の大野 見るごとく 案より明けし北海の 空光明のおとずれよ 北海
83%
동해 바다 건너서 야마도 땅은 거룩한 우리 조상 옛적 꿈자리 京都国際
83%
朝光りさす 琵琶湖のほとり さやけきかなや われら学舎 綾羽
78%
雪深し その簡浄 しののめの光さしつつ 学ぶべし 確かなる智慧 若き今日眉あげん 長岡歴史あり われら学ぶ 中越
75%
南冥遥か 天翔る 鴻鵠棲みし 青葉城 仙台育英
75%
西にそびゆる備前富士 東をめぐる吉井川 岡山学芸館
71%
緑滴る 金華山 水清冽の長良川 県岐阜商
70%
書写を仰げば 燃え立つみどり 夢はひろがる 播磨の海よ 東洋大姫路
67%
梅薫る 防府の里に 集いたる 若人われら 高川学園
63%
澄み渡る青空に 連なる立山 未来富山
62%
呼ぼう 声をかぎり 風は光り めぐる山なみ 讃岐はみどり 尽誠学園
59%
暁の星影うつし 洋々と 流れたゆまぬ 荒川の 関東第一
56%
脊振天山並みよろひ 南有明海の風 若き生命を吹くところ 佐賀北
46%
光はあまねし みどりの丘に 輝く希望の 雲を仰げば 白山連峯 遥かにそびえて 小松大谷
46%
朝日直射す 富岡の阜 紺碧の波 額に迫る 屛風ヶ浦の 絶壁を隔て 東洋一の商港 横浜
46%
渦巻く黒潮 天地に轟き 岩をも砕く 不断の力 鳴門
44%
ましぐらに 昼も夜も 断えず倦まず 自由の歩み ひたすらに おのが性に つよく生きて 七つの流れ ましぐらに 注ぎ競ふや 太田川 広陵
41%
残れる雪 白銀と 春に輝く 岩木山 弘前学院聖愛
40%
Be together! Be together! Let's be together! 健大高崎
37%
ここ南海の 神撫台 古代人の 跡聖く 尊女の遺志 継承ぎて 創建し真理の 法の城 智弁和歌山
35%
みちのくの 国原広く 見はるかす 高き城跡 花巻東
30%
かみのひかりは 世のこみちの くらきすみにも てりかがやく 聖隷クリストファー
30%
はるか 果てしなく長いこの道 君はひとりで 歩きつづける 明豊
29%
ああ大淀の 久遠の流れ 草芳ばしく そはわがこころ 宮崎商
25%
ボーイズ ビー アンビシャス わかものよ 高き理想を 日大山形
22%
舞鶴城の夢はるか 芙蓉の峰を仰ぎみて 山梨学院
21%
あなたに伝えたい そよぐ緑の風 朝陽のまばゆさ 柳生のせせらぎ 豊橋中央
21%
雄々しき連峰 四表に聳え 瑠璃なす清流 平野に通ふ 松商学園
21%
多良の霊峰窓の辺に 桜が丘の朝ぼらけ 創成館
19%
見よ 新生の朝ぼらけ 雲井はるけし 彩の空 叡明
17%
美しいものを探しながら生きよう 青藍泰斗
17%
桃李一時に咲き競う 春たけなわな 信達野 聖光学院
16%
吹上浜の 白砂に 海原青く 照りも映ゆ 神村学園
13%
ふるさとの大空に はばたく翼 われらのいのち たくましい力あり 敦賀気比
13%
みなみの太陽 おう輝く歴史 眉高らかに栄光の大道をすすむ 西日本短大付
11%
春乾坤の空高く 雲雀の歌に夢さめる ここ江原のただ中に 高くそびゆるわが母校 東海大熊本星翔
10%
僕の町を流れるあの川は知っている 毎朝最初のチャイムが鳴った後の静けさ 高知中央
10%
大空映して 寄せくる波の ひねもすたゆまぬ 努力の姿 市立船橋
8%
常盤の緑 陽に映えて 久松の空 夢を呼ぶ 鳥取城北
6%
見よや 麗しの誠の光 昇る旭に ほのぼのと 日大三
6%
風ひかり ゆたかな時間を 吹きおくる 三年の日日の語らいに ああ鳴りわたる天籟の鐘 開星
5%
神神つどう ロマンの峰よ さやかに仰ぐ 学びやここに 自省の歩み 旭川志峯
3%
しろがねの雲湧きあがる みどり明るき山河あり 世紀の理想仰ぎつつ ここに励まん若人われら 東大阪大柏原
3%
No matching quizzes found
Score Distribution
Percent of People with Each Score
Percentile by Number Answered
Your Score History
You have not taken this quiz